000 00622nam a22002177a 4500
003 UA-OsUOA
001 64233
007 ta
008 20091103b un ||||| |||| 00| 0 ukr d
090 _a02(477.83)
_bЛ89
942 _cBK
040 _aUA-OsUOA
_bukr
_cUA-OsUOA
_dUA-OsUOA
245 _aЛьвівська наукова бібліотека ім. В. Стефаника АН УРСР
_bПутівник
300 _a78 с.
955 _a4
041 _aukr
080 _a02(477.83)
260 _aК.
_bНаукова думка
_c1979
650 7 _a02 Бібліотечна справа
_2UDC
999 _c350290
_d350290